<The> Canadian journal of economics
Uložené v:
| Médium: | Seriál |
|---|---|
| Jazyk: | English |
| Vydavateľské údaje: |
Toronto
Canadian Economics Association
2006
|
| Predmet: | |
| Tagy: |
Žiadne tagy, Buďte prvý, kto otaguje tento záznam!
|
MARC
| LEADER | 00000nas2a22000001 4500 | ||
|---|---|---|---|
| 001 | 0109290 | ||
| 005 | 20100126130641.2 | ||
| 022 | |a 0008-4085 | ||
| 041 | 0 | |a eng | |
| 044 | |a CA | ||
| 245 | 1 | 0 | |a <The> Canadian journal of economics |
| 264 | 1 | |a Toronto |b Canadian Economics Association |c 2006 | |
| 773 | 0 | |w eu_un_cat*s120428 | |
| 610 | 2 | 0 | |a ekonómia |